000 00386nam a22001457a 4500
005 20200607121721.0
008 200607b xxu||||| |||| 00| 0 eng d
082 _a345.4
110 _aALL INDIA REPORTER
_95830
245 _aALL INDIA REPORTER , 1968 (V-55) M. P. SECTION
260 _aMUMBAI
_bALL INDIA REPORTER , PVT. LTD.
300 _a96;p
650 _aLAW
_95701
942 _cJRL
999 _c6898
_d6896